LEADER 00750nam0-22002651i-450- 001 990009143280403321 005 20100208163230.0 010 $a0-07-001685-2 035 $a000914328 035 $aFED01000914328 035 $a(Aleph)000914328FED01 035 $a000914328 100 $a20100208d1995----km-y0itay50------ba 101 0 $aeng 105 $a--------001yy 200 1 $aComputational fluid dynamics$ethe Basic with Application$fAnderson J. D. 210 $aSingapore$cMc Graw-Hill$d1995 700 1$aAnderson,$bJohn David$012298 801 0$aIT$bUNINA$gRICA$2UNIMARC 901 $aBK 912 $a990009143280403321 952 $a00 A2470$b4920$fDETEC 959 $aDETEC 996 $aComputational fluid dynamics$9104826 997 $aUNINA LEADER 01095nam--2200397---450- 001 990003611450203316 005 20120117104701.0 010 $a88-7166-953-3 035 $a000361145 035 $aUSA01000361145 035 $a(ALEPH)000361145USA01 035 $a000361145 100 $a20120117d2009----km-y0itay50------ba 101 $aita 102 $aIT 105 $a||||||||001yy 200 1 $a<> saggio tedesco del Novecento$fa cura di Massimo Bonifazio, Daniela Nelva, Michele Sisto 210 $aFirenze$cLe lettere$d2009 215 $aXVIII, 491 p.$d22 cm 225 2 $aSaggi$v74 410 0$12001$aSaggi 454 1$12001 461 1$1001-------$12001 606 0 $aSaggistica tedesca$zSec. 20. 676 $a834.91 702 1$aBONIFAZIO,$bMassimo 702 $aNELVA,$bDaniela 702 $aSISTO,$bMichele 801 0$aIT$bsalbc$gISBD 912 $a990003611450203316 951 $aII.3.B.498$b469 DIPSUM 959 $aBK 969 $aDSLL 979 $aDSLL$b90$c20120117$lUSA01$h1047 996 $aSaggio tedesco del Novecento$91137430 997 $aUNISA LEADER 04062nam 2200553 450 001 9910798997903321 005 20230126214819.0 010 $a1-119-28529-1 010 $a1-119-28530-5 035 $a(CKB)3710000000907856 035 $a(DLC) 2016036727 035 $a(Au-PeEL)EBL4716999 035 $a(CaPaEBR)ebr11282466 035 $a(CaONFJC)MIL964124 035 $a(OCoLC)956501935 035 $a(CaSebORM)9781119285281 035 $a(MiAaPQ)EBC4716999 035 $a(EXLCZ)993710000000907856 100 $a20161025h20172017 uy 0 101 0 $aeng 135 $aurcnu|||||||| 181 $2rdacontent 182 $2rdamedia 183 $2rdacarrier 200 10$aSimply said $ecommunicating better at work and beyond /$fJay Sullivan 205 $a1st edition 210 1$aHoboken, New Jersey :$cWiley,$d2017. 210 4$dİ2017 215 $a1 online resource (290 pages) 300 $aIncludes index. 311 $a1-119-28528-3 330 $a"Master the art of communication to improve outcomes in any scenario Simply Said is the essential handbook for business communication. Do you ever feel as though your message hasn't gotten across? Do details get lost along the way? Have tense situations ever escalated unnecessarily? Do people buy into your ideas? It all comes down to communication. We all communicate, but few of us do it well. From tough presentations to everyday transactions, there is no scenario that cannot be improved with better communication skills. This book presents an all-encompassing guide to improving your communication, based on the Exec|Comm philosophy: we are all better communicators when we focus more on others and less on ourselves. More than just a list of tips, this book connects skills with scenarios and purpose to help you hear and be heard. You'll learn the skills to deliver great presentations and stellar media appearances, handle difficult conversations, effectively manage, lead with authenticity and more, as you discover the secrets of true communication. Communication affects every interaction every day. Why not learn to do it well? This book provides comprehensive guidance toward getting your message across, and getting the results you want. Shift your focus from yourself to other people Build a reputation as a good listener Develop your written and oral communications for the greatest impact Inspire and influence others Communicate more effectively in any business or social situation Did that email come across as harsh? Did you offend someone unintentionally? Great communication skills give you the power to influence someone's thinking and guide them to where you need them to be. Simply Said teaches you the critical skills that make you more effective in business and in life"--$cProvided by publisher. 330 $a"Most books on communication skills focus only on skills. This book will connect all of the content through Exec|Comm's overarching philosophy: We are all more effective communicators, and therefore more effective professionals, when we focus less on ourselves and more on other people. After an introduction of a basic Exec|Comm "philosophy" about how to communicate better, the book will be divided into three main sections: Self-Empowerment, Skills and Situations, and include chapters on Understanding Your Personal Communication Style (Self-Empowerment), Building Your Reputation as a Listener (Skills), and Delivering Formal Presentations and Speeches (Situations)"--$cProvided by publisher. 606 $aBusiness communication 606 $aSocial interaction 606 $aSelf-actualization (Psychology) 615 0$aBusiness communication. 615 0$aSocial interaction. 615 0$aSelf-actualization (Psychology) 676 $a650.1/3 686 $aBUS007000$2bisacsh 700 $aSullivan$b Jay$f1962-$01520754 801 0$bMiAaPQ 801 1$bMiAaPQ 801 2$bMiAaPQ 906 $aBOOK 912 $a9910798997903321 996 $aSimply said$93759512 997 $aUNINA LEADER 01152nam 2200373 450 001 9910792766103321 005 20231119163042.0 010 $a0-7735-5004-6 035 $a(CKB)3710000001083102 035 $a(MiAaPQ)EBC4809908 035 $a(NjHacI)993710000001083102 035 $a(EXLCZ)993710000001083102 100 $a20220924d2017 uy 0 101 0 $aeng 135 $aur||||||||||| 181 $ctxt$2rdacontent 182 $cc$2rdamedia 183 $acr$2rdacarrier 200 10$aAll shook up $ethe shifting Soviet response to catastrophes, 1917-1991 /$fNigel A. Raab 210 1$aMontreal & Kingston ;$aLondon ;$aChicago :$cMcGill-Queen's University Press,$d[2017] 210 4$dİ2017 215 $a1 online resource (xiii, 290 pages) $cillustrations 311 $a0-7735-5002-X 320 $aIncludes bibliographical references and index. 606 $aDisaster relief 615 0$aDisaster relief. 676 $a363.348 700 $aRaab$b Nigel A.$f1968-$01476273 801 0$bNjHacI 801 1$bNjHacl 906 $aBOOK 912 $a9910792766103321 996 $aAll shook up$93727424 997 $aUNINA